Délmagyarország. - 2006. március 10., Péntek
Elmentve itt :
| Dokumentumtípus: | Újság |
|---|---|
| Megjelent: |
2006-03-10
|
| Sorozat: | Délmagyarország
96 No. 59 |
| Online Access: | http://dmarchiv.bibl.u-szeged.hu/29028 |
| LEADER | 00489nas a2200145 i 4500 | ||
|---|---|---|---|
| 001 | delm29028 | ||
| 005 | 20200415084207.0 | ||
| 008 | 171219s2006 hu n o 0|| hun d | ||
| 022 | |a 0133-025X | ||
| 040 | |a SZTE Délmagyarország Archívum |b hun | ||
| 041 | |a hun | ||
| 245 | 0 | 0 | |a Délmagyarország. - 2006. március 10., Péntek |h [elektronikus dokumentum] |
| 260 | |c 2006-03-10 | ||
| 490 | 0 | |a Délmagyarország |v 96 No. 59 | |
| 856 | 4 | 0 | |u http://dmarchiv.bibl.u-szeged.hu/29028/1/dm_2006_059.pdf |z Dokumentum-elérés |